A new coat for Anna / (Record no. 4351)

MARC details
000 -LEADER
fixed length control field 01036pam a2200325 a 4500
001 - CONTROL NUMBER
control field 4351
003 - CONTROL NUMBER IDENTIFIER
control field FISKH
005 - DATE AND TIME OF LATEST TRANSACTION
control field 20240731160606.0
008 - FIXED-LENGTH DATA ELEMENTS--GENERAL INFORMATION
fixed length control field 860129s1986 nyua j 000 1 eng
010 ## - LIBRARY OF CONGRESS CONTROL NUMBER
LC control number 86002722
020 ## - INTERNATIONAL STANDARD BOOK NUMBER
International Standard Book Number 0394874269 :
020 ## - INTERNATIONAL STANDARD BOOK NUMBER
International Standard Book Number 0394974263 (lib. bdg.) :
040 ## - CATALOGING SOURCE
Original cataloging agency DLC
Transcribing agency DLC
Modifying agency DLC
Language of cataloging eng
050 ## - LIBRARY OF CONGRESS CALL NUMBER
Classification number PZ7.Z487
082 ## - DEWEY DECIMAL CLASSIFICATION NUMBER
Classification number 813.54
100 1# - MAIN ENTRY--PERSONAL NAME
Personal name Ziefert, Harriet.
245 12 - TITLE STATEMENT
Title A new coat for Anna /
Statement of responsibility, etc. by Harriet Ziefert ; pictures by Anita Lobel.
250 ## - EDITION STATEMENT
Edition statement First Scholastic printing, September 1988
260 ## - PUBLICATION, DISTRIBUTION, ETC.
Place of publication, distribution, etc. New York :
Name of publisher, distributor, etc. Scholastic,
Date of publication, distribution, etc. 1986
300 ## - PHYSICAL DESCRIPTION
Extent 32 unnumbered pages :
Other physical details color illustrations ;
Dimensions 23 cm
505 ## - FORMATTED CONTENTS NOTE
Formatted contents note Q<br/>
520 ## - SUMMARY, ETC.
Summary, etc. Even though there is no money, Anna's mother finds a way to make Anna a badly needed winter coat.
521 8# - TARGET AUDIENCE NOTE
Target audience note 670<br/>
Source Lexile estimate<br/>
521 8# - TARGET AUDIENCE NOTE
Target audience note Q<br/>
Source Raz-Plus<br/>
650 #1 - SUBJECT ADDED ENTRY--TOPICAL TERM
Topical term or geographic name entry element Coats
General subdivision Fiction.
700 1# - ADDED ENTRY--PERSONAL NAME
Personal name Lobel, Anita,
Relator term illustrator
906 ## - LOCAL DATA ELEMENT F, LDF (RLIN)
a 7
b cbc
c orignew
d 1
e ocip
f 19
g y-gencatlg
942 ## - ADDED ENTRY ELEMENTS (KOHA)
Source of classification or shelving scheme Dewey Decimal Classification
Koha item type Books
Suppress in OPAC No
Holdings
Withdrawn status Lost status Source of classification or shelving scheme Damaged status Not for loan Collection Home library Current library Shelving location Date acquired Total Checkouts Full call number Barcode Date last seen Price effective from Koha item type
    Dewey Decimal Classification     Juvenile Fiction Footprints International School Library Network Toul Kork Campus Footprints International School Library Network Toul Kork Campus TK Primary Library Room(4th Floor), Bookcase 5&6, Shelves 33-56, Orange Books 07/31/2024   ZIE 813.54 PZ7.Z487 FISTK02303 07/31/2024 07/31/2024 Books